|
|
|
|
| LEADER |
00000nam#a22000001ab4500 |
| 001 |
00015226 |
| 003 |
AR-BaUAD |
| 005 |
20230908140744.0 |
| 008 |
940621s1979####it#o|||##||||||||#||ita|d |
| 040 |
|
|
|a AR-BaUAD
|b spa
|c AR-BaUAD
|
| 041 |
|
|
|a ita
|
| 044 |
|
|
|c it
|2 ISO3166-1
|
| 100 |
1 |
|
|a Guidoni, Enrico
|
| 245 |
1 |
0 |
|a Architettura primitiva
|
| 260 |
|
|
|a [Milano] :
|b Electa,
|c [1979]
|
| 300 |
|
|
|a 235 p. :
|b fot., plantas
|
| 490 |
|
|
|a Storia dell'architettura
|
| 500 |
|
|
|a Texto a dos columnas.
|
| 504 |
|
|
|a Bibliografía: p. 215-224.
|
| 653 |
|
|
|a ARQUITECTURA PRIMITIVA
|
| 653 |
|
|
|a HISTORIA
|
| 653 |
|
|
|a ARQUITECTURA
|
| 655 |
|
|
|a TEXTO
|
| 852 |
|
|
|c 40-6
|
| 952 |
|
|
|0 0
|1 0
|4 0
|6 406
|7 0
|9 14444
|a AR-BaUAD
|b AR-BaUAD
|d 0000-00-00
|e compra L. Técnica
|g 28000.00
|i 15226
|l 0
|o 40-6
|p uyb7l15226
|r 2023-09-08 14:07:44
|w 2023-09-08
|y BK
|
| 952 |
|
|
|0 0
|1 0
|4 0
|7 0
|9 14445
|a AR-BaUAD
|b AR-BaUAD
|d 2023-09-08
|i p.7-188
|l 0
|p r8gbtp.7-188
|r 2023-09-08 14:07:44
|w 2023-09-08
|y BK
|
| 990 |
|
|
|a Ej. No1 : 15226 . 30/12/1979 -- compra L. Técnica -- (28000 pesos).
|b ADM
|
| 990 |
|
|
|a Ej. No2 : p.7-188 .
|b ADM
|
| 990 |
|
|
|a 14780
|b OS
|
| 990 |
|
|
|a 29751
|b OS
|
| 990 |
|
|
|a AQ197
|b TD
|
| 990 |
|
|
|a AAQ00015226
|b CC
|
| 998 |
|
|
|a AAQ
|b Bibun 76
|
| 942 |
|
|
|c BK
|
| 999 |
|
|
|c 6257
|d 6257
|